| 000 | 00393nam a22001577a 4500 | ||
|---|---|---|---|
| 003 | NUST - PNEC | ||
| 005 | 20170116180927.0 | ||
| 008 | 150905b xxu||||| |||| 00| 0 eng d | ||
| 040 | _cLIBRARY | ||
| 082 | _a621.3 SHA | ||
| 245 |
_aViva voce in Electrical engineering _cD. K. Sharma |
||
| 250 | _a3rd ed. | ||
| 260 | _c1991 | ||
| 650 |
_98047 _aElectrical Engineering _xEE |
||
| 942 |
_2ddc _cBK |
||
| 999 |
_c65795 _d65795 |
||